Language Quiz

Random Language or Bible Quiz

Latin: Psalm 42 Quiz Stats

 Plays Quiz not verified by Sporcle

Challenge
Share
Tweet
Embed
Score 0/206 Timer 12:00
0 Plays Today
% Correct
1 In
100%
finem.
100%
Intellectus
100%
Core.
100%
filiis
95%
in
50%
in
50%
in
50%
in
50%
de
50%
in
50%
9 In
50%
in
50%
a
45%
et
40%
et
40%
et
40%
et
40%
7 et
40%
et
40%
et
40%
et
40%
et
40%
et
40%
et
40%
me
35%
me?
35%
me
35%
me
35%
me
35%
me
35%
me?
35%
Dei?
30%
est
30%
Deus
30%
Dei,
30%
es,
30%
Deus
30%
est;
30%
es;
30%
es
30%
est
30%
Deus
30%
es,
30%
Deus
30%
Deum
25%
ad
20%
anima
20%
mea
20%
ad
20%
te,
20%
anima
20%
mea
20%
ad
20%
ac
20%
Ubi
20%
tuus?
20%
ad
20%
anima
20%
mea?
20%
Deo,
20%
meus.
20%
Ad
20%
anima
20%
mea
20%
Deo
20%
Deo:
20%
meus
20%
mea,
20%
% Correct
Ubi
20%
tuus?
20%
anima
20%
mea?
20%
Deo,
20%
meus.
20%
desiderat
15%
cervus
15%
aquarum,
15%
desiderat
15%
ante
15%
die
15%
nocte,
15%
6 Quare
15%
tristis
15%
quare
15%
die
15%
nocte
15%
quare
15%
quare
15%
12 Quare
15%
tristis
15%
quare
15%
2 Quemadmodum
10%
fontes
10%
lacrimae
10%
5 Haec
10%
animam
10%
meam,
10%
voce
10%
Spera
10%
vultus
10%
mei,
10%
memor
10%
8 Abyssus
10%
abyssum
10%
invocat,
10%
voce
10%
tuarum;
10%
tua,
10%
Dominus
10%
mei?
10%
qui
10%
mei,
10%
Spera
10%
vultus
10%
mei,
10%
ita
5%
3 Sitivit
5%
vivem;
5%
quando
5%
veniam,
5%
apparebo
5%
faciem
5%
4 Fuerunt
5%
mihi
5%
meae
5%
dum
5%
dicitur
5%
mihi
5%
quotidie:
5%
recordatus
5%
sum,
5%
effudi
5%
quoniam
5%
locum
5%
tabernaculi
5%
admirabilis,
5%
usque
5%
% Correct
exsultationis
5%
confessionis,
5%
conturbas
5%
quoniam
5%
adhuc
5%
confitebor
5%
illi,
5%
salutare
5%
propterea
5%
ero
5%
tui
5%
terra
5%
Iordanis,
5%
monte
5%
fluctus
5%
tui
5%
super
5%
transierunt.
5%
mandavit
5%
misericordiam
5%
suam,
5%
canticum
5%
eius;
5%
apud
5%
oratio
5%
vitae
5%
meae.
5%
10 Dicam
5%
Susceptor
5%
oblitus
5%
contristatus
5%
incedo,
5%
dum
5%
affligit
5%
inimicus?
5%
11 Dum
5%
confringuntur
5%
ossa
5%
mihi
5%
tribulant
5%
dum
5%
dicunt
5%
mihi
5%
per
5%
conturbas
5%
quoniam
5%
adhuc
5%
confitebor
5%
illi,
5%
salutare
5%
Domine.
0%
fortem,
0%
panes
0%
transibo
0%
donum
0%
sonus
0%
epulantis.
0%
meipsum
0%
conturbata
0%
Hermoniim
0%
modico.
0%
cataractarum
0%
omnia
0%
excelsa
0%
exprobraverunt
0%
inimici
0%
singulos
0%
dies:
0%

You're not logged in!

Compare scores with friends on all Sporcle quizzes.
Join for Free
OR
Log In

You Might Also Like...

Show Comments

Extras

Top Quizzes Today


Score Distribution

Your Account Isn't Verified!

In order to create a playlist on Sporcle, you need to verify the email address you used during registration. Go to your Sporcle Settings to finish the process.

Report this User

Report this user for behavior that violates our Community Guidelines.

Details: